Normal view
MARC view
Entry Topical Term
001 - CONTROL NUMBER
- control field: 55828
003 - CONTROL NUMBER IDENTIFIER
- control field: OSt
005 - DATE AND TIME OF LATEST TRANSACTION
- control field: 20250728114700.0
008 - FIXED-LENGTH DATA ELEMENTS
- fixed length control field: 250728|| aca||aabn | a|a d
040 ## - CATALOGING SOURCE
- Original cataloging agency: OSt
- Transcribing agency: OSt
150 ## - HEADING--TOPICAL TERM
- Topical term or geographic name entry element: Coproduction—Public services, Information asymmetry—Governance, Political communication—COVID-19, Policy implementation—Citizen response, Factual information—Public perception, Public transportation—Ridership trends, Social media—Political messaging, Crisis communication—Government response, Citizen engagement—Policy outcomes, COVID-19—Urban mobility, Behavioral response—Policy signals, Government transparency—Information sharing, Public trust—Information credibility, Federal vs state messaging—COVID-19, Urban governance—Pandemic response, Public opinion—Policy effectiveness, Information congruence—Citizen behavior, Emergency policy—Public compliance, Political messaging—Effectiveness, Data-driven governance—Public health
670 ## - SOURCE DATA FOUND
- Source citation: Work cat.: (OSt)527014: Li, Huafang and Lu, Elaine Yi 55827, Which matters more in coproduction? Political message, policy, or factual information
